Pretrvávajúce turbulencie pri juhoeurópskych štátnych dlhopisov

Štátne financie PIGS (Portugalsko, Írsko, Grécko a Španielsko) zostávajú hlavnou témou na európskych finančných trhoch.

Uložené v:
Podrobná bibliografia
Hlavný autor: Meier, Stephan
Médium: Kapitola
Jazyk:Slovak
Predmet:
Tagy: Pridať tag
Žiadne tagy, Buďte prvý, kto otaguje tento záznam!

MARC

LEADER 00000naa a2200000 4500
001 0121731
005 20230831115353.0
041 0 |a slo 
044 |a SK 
245 1 0 |a Pretrvávajúce turbulencie pri juhoeurópskych štátnych dlhopisov  |c Stephan Meier 
520 |a Štátne financie PIGS (Portugalsko, Írsko, Grécko a Španielsko) zostávajú hlavnou témou na európskych finančných trhoch. 
610 2 0 |a kríza finančná 
610 2 0 |a kríza hospodárska 
610 2 0 |a financie štátne 
610 2 0 |a trh finančný 
610 2 0 |a Španielsko 
610 2 0 |a Grécko 
610 2 0 |a Portugalsko 
610 2 0 |a Írsko 
100 1 |a Meier, Stephan